Nové prístupy pri navrhovaní vonkajších vedení : Habil.práca : Obh. 15.03.1992 /

Guardado en:
Detalles Bibliográficos
Autor principal: Reváková, Daniela, 1945- (Autor)
Formato: Manuscrito Libro
Publicado: Bratislava : SVŠT v Bratislave EF, 1991
Etiquetas: Agregar Etiqueta
Sin Etiquetas, Sea el primero en etiquetar este registro!

MARC

LEADER 00000ntm a22000003a 4500
001 stu7301
005 20150617225809.3
008 ------s1991----------------------------d
040 |a STU  |b slo 
041 0
100 1 |a Reváková, Daniela,  |d 1945-  |4 aut  |u E130  |U FEI Fakulta elektrotechniky a informatiky  |T FEI Katedra elektroenergetiky  |X 2084  |U E130  |Y 59  |7 A000002084 
245 1 |a Nové prístupy pri navrhovaní vonkajších vedení :  |b Habil.práca : Obh. 15.03.1992 /  |c [aut.] Reváková,Daniela, Ing. CSc 
260 |a Bratislava :  |b SVŠT v Bratislave EF,  |c 1991 
300 |a 92 s 
996 |b 284ED00997  |c E*HABIL-100  |l EE01  |s A  |a 24  |w stu7301_0001